Microeconomics / (Record no. 232802)

000 -LEADER
fixed length control field 01036pam a2200289 a 4500
001 - CONTROL NUMBER
control field 2503141
003 - CONTROL NUMBER IDENTIFIER
control field Nust
005 - DATE AND TIME OF LATEST TRANSACTION
control field 20180117090024.0
008 - FIXED-LENGTH DATA ELEMENTS--GENERAL INFORMATION
fixed length control field 920206s1992 enka b 001 0 eng
010 ## - LIBRARY OF CONGRESS CONTROL NUMBER
LC control number 92007641
020 ## - INTERNATIONAL STANDARD BOOK NUMBER
International Standard Book Number 0582023866 (pbk.)
040 ## - CATALOGING SOURCE
Original cataloging agency DLC
Transcribing agency DLC
Modifying agency DLC
050 00 - LIBRARY OF CONGRESS CALL NUMBER
Classification number HB171.5
Item number .G786 1992
082 00 - DEWEY DECIMAL CLASSIFICATION NUMBER
Classification number 338.5
Edition number 20
100 1# - MAIN ENTRY--PERSONAL NAME
Personal name Gravelle, Hugh.
245 10 - TITLE STATEMENT
Title Microeconomics /
Statement of responsibility, etc. Hugh Gravelle and Ray Rees.
250 ## - EDITION STATEMENT
Edition statement 3rd ed.
260 ## - PUBLICATION, DISTRIBUTION, ETC.
Place of publication, distribution, etc. India
Name of publisher, distributor, etc. Pearson
Date of publication, distribution, etc. 2004
300 ## - PHYSICAL DESCRIPTION
Extent xii, 748 p. :
Other physical details ill. ;
Dimensions 25 cm.
504 ## - BIBLIOGRAPHY, ETC. NOTE
Bibliography, etc. note Includes bibliographical references and index.
650 #0 - SUBJECT ADDED ENTRY--TOPICAL TERM
Topical term or geographic name entry element Microeconomics.
700 1# - ADDED ENTRY--PERSONAL NAME
Personal name Rees, Ray,
Dates associated with a name 1943-
906 ## - LOCAL DATA ELEMENT F, LDF (RLIN)
a 7
b cbc
c orignew
d 1
e ocip
f 19
g y-gencatlg
942 ## - ADDED ENTRY ELEMENTS (KOHA)
Source of classification or shelving scheme
Koha item type Book
Holdings
Withdrawn status Lost status Source of classification or shelving scheme Damaged status Not for loan Collection code Permanent Location Current Location Shelving location Date acquired Total Checkouts Total Renewals Full call number Barcode Date last seen Date last checked out Price effective from Koha item type
            Central Library (CL) Central Library (CL) General Stacks 02/23/2017 6 4 338.5 GRA S3H-S-303 01/13/2023 10/20/2022 02/23/2017 Book
            Central Library (CL) Central Library (CL) General Stacks 03/16/2018 4 2 338.5 GRA S3H-S-302 11/05/2022 10/10/2021 03/16/2018 Book
            NUST Law School (NLS) NUST Law School (NLS) General Stacks 06/26/2018 3 3 338.5 GRA S3H-N-1625 01/31/2022 10/22/2021 06/26/2018 Book
© 2023 Central Library, National University of Sciences and Technology. All Rights Reserved.